00268nam a22001097a 4500003000400000082001700004100002200021245005800043250000800101260004100109300000800150SGT a338.954bKAL a KALAM APJ ABDUL  a BHARAT 2020 AUR USKE BAAD bAANE WALE KAL KI TASVEER a1ST aNEW DELHI bPRABHAT PRAKASHAN c2015 a174